Najlepsi strzelcy Realu Madryt w historii - Statystyki

Ogólne statystyki
  • Ten quiz został rozwiązany 4 755 razy
  • Średni wynik to 4 z 10
Statystyki odpowiedzi
Miejsce Liczba goli Piłkarz % Poprawnych
1. 450 Cristiano Ronaldo
100%
2. 354 Karim Benzema
88%
3. 323 Raul
73%
4. 293 Alfredo di Stefano
57%
6. 230 Ferenc Puskas
43%
9. 170 Emilio Butragueno
16%
7. 208 Hugo Sanchez
14%
8. 175 Paco Gento
9%
10. 166 Pirri
5%
5. 281 Santillana
5%
Nie znaleziono quizów pasujących do podanych kryteriów
Rozkład punktacji
Procent ludzi z każdym wynikiem
Percentyl według liczby udzielonych odpowiedzi
Twoja historia wyników
Nie rozwiązałeś tego quizu